000 00346 a2200109 4500
020 _a1597490474
920 _a1-59749-047-4
100 1 _aThornton, Frank.
_eAutor
245 0 _aRFID Security /
_cThornton Frank.
710 2 _aSyngress Publishing, Inc..
_eWydawca
_4pbl
260 _aRockland, MA :
_bSyngress Publishing, Inc.,
_c2006.
300 _aXIX, 242 s.:
_bil.;
_c23 cm.
999 _c17722
_d17722